Claves y aproximaciones : la narrativa obra de Antonio Montero Abt / (Record no. 174435)

MARC details
000 -LEADER
campo de control de longitud fija 00984nam a2200241 4500
001 - NÚMERO DE CONTROL
campo de control 174435
003 - IDENTIFICADOR DE NÚMERO DE CONTROL
campo de control ES-MaACL
005 - FECHA Y HORA DE LA ÚLTIMA TRANSACCIÓN
campo de control 20260126125558.0
008 - DATOS DE LONGITUD FIJA--INFORMACIÓN GENERAL
campo de control de longitud fija 100421s1994 sp |||| | spa d
100 1# - ENTRADA PRINCIPAL--NOMBRE DE PERSONA
Nombre de persona Coppola, Salvattori.
9 (RLIN) 142541
245 10 - MENCIÓN DEL TÍTULO
Título Claves y aproximaciones : la narrativa obra de Antonio Montero Abt /
Mención de responsabilidad, etc. Salvattori Coppola. Epitafio / de Antonio Montero. Taller literario del Ateneo / director, Eduardo Baquedano.
246 3# - FORMA VARIANTE DEL TITULO
Título propio/Titulo breve Epitafio
246 3# - FORMA VARIANTE DEL TITULO
Título propio/Titulo breve Taller Literario del Ateneo
260 ## - PUBLICACIÓN, DISTRIBUCIÓN, ETC.
Lugar de publicación, distribución, etc. Santiago de Chile :
Nombre del editor, distribuidor, etc. Ateneo,
Fecha de publicación, distribución, etc. 1994.
300 ## - DESCRIPCIÓN FÍSICA
Extensión 51 p. ;
Dimensiones 18 cm.
500 ## - NOTA GENERAL
Nota general En la portada: Ateneo de Santiago, 1ª Jornada General 1994.
600 17 - PUNTO DE ACCESO ADICIONAL DE MATERIA--NOMBRE DE PERSONA
Nombre de persona Montero Abt, Antonio-
Subdivisión general Crítica e interpretación
Fuente del encabezamiento o término
9 (RLIN) 142551
610 2# - PUNTO DE ACCESO ADICIONAL DE MATERIA--NOMBRE DE ENTIDAD CORPORATIVA
Nombre de entidad corporativa o nombre de jurisdicción como elemento de entrada Ateneo de Santiago de Chile-
Subdivisión de forma Congresos y asambleas.
9 (RLIN) 142612
700 0# - ENTRADA AGREGADA--NOMBRE PERSONAL
Nombre de persona Montero Moreno, Antonio,
Fechas asociadas al nombre 1928-
9 (RLIN) 82533
710 2# - ENTRADA AGREGADA--NOMBRE DE ENTIDAD CORPORATIVA
Nombre de entidad corporativa o nombre de jurisdicción como elemento de entrada Ateneo de Santiago de Chile.
9 (RLIN) 2026
852 4# - LOCALIZACIÓN
Ubicación BA
Número de control de estantería 2256-F-22
Holdings
Estatus retirado Estado de pérdida Estado de daño No para préstamo Colección Biblioteca de origen Biblioteca actual Ubicación en estantería Fecha de adquisición Fuente de adquisición Total de préstamos Signatura topográfica completa Código de barras Visto por última vez Precio de reemplazo Tipo de ítem Koha
        Colección de folletos Biblioteca del Ateneo de Madrid Biblioteca del Ateneo de Madrid Depósito folletos 21/04/2010     2256-F-22 1183091 23/02/2023 23/02/2023 Folleto